[Event "Aeroflot Open B 2017"]
[Site "Moscow RUS"]
[Date "2017.02.26"]
[Round "6.50"]
[White "Yandarbiev, Ruslan"]
[Black "Savitskiy, Sergey"]
[Result "1/2-1/2"]
[WhiteTitle "IM"]
[BlackTitle "FM"]
[WhiteElo "2311"]
[BlackElo "2415"]
[WhiteFideId "4115023"]
[BlackFideId "24105660"]
[EventDate "2017.02.21"]

1. e4 c5 2. Nf3 d6 3. d4 cxd4 4. Nxd4 Nf6 5. Nc3 Nc6 6. Bg5 e6 7. Qd2 a6 8.
O-O-O Bd7 9. f4 Be7 10. Nf3 b5 11. Bd3 h6 12. Bh4 b4 13. Ne2 Qc7 14. Kb1 a5 15.
f5 e5 16. Bxf6 gxf6 17. Bc4 Rh7 18. Ng3 Na7 19. Qd3 Rc8 20. Nd2 Qb8 21. Ngf1 Nb5
22. Ne3 a4 23. Bxb5 Bxb5 24. Ndc4 Kf8 25. b3 h5 26. Rhf1 Rc6 27. Rf3 Bd8 28. Qd2
Ba6 29. Nxd6 Be7 30. Nec4 Qc7 31. Rg3 h4 32. Rh3 a3 33. g3 Bxd6 34. Nxd6 Be2 35.
Qxe2 Rxd6 36. Rxd6 Qxd6 37. c3 Qc5 38. cxb4 Qg1+ 39. Kc2 Qa1 40. Kd3 Qd4+ 1/2-1/2

[Event "Aeroflot Open B 2017"]
[Site "Moscow RUS"]
[Date "2017.02.26"]
[Round "6.51"]
[White "Zhu, Yi"]
[Black "Basencyan, Mark"]
[Result "1-0"]
[WhiteTitle "FM"]
[WhiteElo "2317"]
[BlackElo "2191"]
[WhiteFideId "8607435"]
[BlackFideId "13300725"]
[EventDate "2017.02.21"]

1. Nf3 c5 2. c4 Nf6 3. Nc3 g6 4. g3 Bg7 5. Bg2 O-O 6. O-O Nc6 7. d4 d5 8. cxd5
Nxd5 9. Nxd5 Qxd5 10. Be3 Qh5 11. dxc5 Bxb2 12. Rb1 Bf6 13. Qa4 Rb8 14. Rbd1 Bh3
15. Bxh3 Qxh3 16. Qe4 Rfd8 17. Bf4 Rbc8 18. Be3 h5 19. Qb1 Rd7 20. Rxd7 Qxd7 21.
Rd1 Qc7 22. Qb5 a6 23. Qb3 Rd8 24. Rb1 Rd7 25. Qc4 Na5 26. Qa4 Nc6 27. h3 Qa5
28. Qc4 Qc3 29. Qe4 Qa3 30. Qc4 Qc3 31. Qa4 Qa5 32. Qxa5 Nxa5 33. g4 hxg4 34.
hxg4 Nc4 35. g5 Bg7 36. Bf4 e5 37. Rc1 exf4 38. Rxc4 Rc7 39. Nd2 Bf8 40. Ne4 Be7
41. Rd4 Kf8 42. Rd5 Ke8 43. Kg2 Rd7 44. Re5 Kd8 45. Kf3 Rd4 46. Kxf4 Ra4 47.
Rd5+ Kc7 48. Rd2 Bxg5+ 49. Kxg5 Rxe4 50. f3 Re5+ 51. Kf6 Rf5+ 52. Kg7 Rf4 53.
Rd6 Ra4 54. Kxf7 Rxa2 55. e4 Rc2 56. Kxg6 Rxc5 57. Rd1 b5 58. f4 Rc6+ 59. Kf7
Rc4 60. Re1 b4 61. f5 b3 62. e5 b2 63. Rb1 Rc5 64. Kf6 Rc2 65. e6 Re2 66. e7 a5
67. Rxb2 Rxb2 1-0

[Event "Aeroflot Open B 2017"]
[Site "Moscow RUS"]
[Date "2017.02.26"]
[Round "6.52"]
[White "Papin, Vasily"]
[Black "Spichkin, Alexander"]
[Result "1-0"]
[WhiteTitle "GM"]
[WhiteElo "2456"]
[BlackElo "2143"]
[WhiteFideId "4143183"]
[BlackFideId "4144074"]
[EventDate "2017.02.21"]

1. c4 f5 2. Nc3 Nf6 3. d4 e6 4. Qc2 d5 5. Bf4 c6 6. e3 Bb4 7. Bd3 O-O 8. a3
Bxc3+ 9. bxc3 b6 10. Nf3 Bb7 11. h3 Nbd7 12. O-O Qe7 13. Qb3 c5 14. Ne5 Nxe5 15.
Bxe5 Ba6 16. Qa4 Bxc4 17. Bxc4 dxc4 18. Qxc4 Rac8 19. Qa2 Kh8 20. Rfe1 Ne4 21.
Rac1 cxd4 22. cxd4 Qd7 23. Qb2 Kg8 24. Qb4 Kf7 25. f3 Nf6 26. e4 fxe4 27. fxe4
Rxc1 28. Rxc1 Rc8 29. Rf1 Rc2 30. Qb3 Qc6 31. Bxf6 gxf6 32. Qf3 f5 33. d5 Qc5+
34. Kh1 Qc4 35. exf5 e5 36. Qh5+ Kf8 37. Qh6+ Ke8 38. Qe6+ Kd8 39. Rg1 Rf2 40.
Qxe5 Qf4 41. Qf6+ Kc8 42. Qc6+ Qc7 43. Qa8+ Kd7 44. Re1 Rc2 45. Qe8+ Kd6 46.
Qe5+ 1-0

[Event "Aeroflot Open B 2017"]
[Site "Moscow RUS"]
[Date "2017.02.26"]
[Round "6.53"]
[White "Mammadova, Gulnar"]
[Black "Maltsevskaya, Aleksandra"]
[Result "1-0"]
[WhiteTitle "IM"]
[WhiteElo "2401"]
[BlackElo "2259"]
[WhiteFideId "13403508"]
[BlackFideId "24174041"]
[EventDate "2017.02.21"]

1. e4 c5 2. Nf3 e6 3. b3 b6 4. Bb2 Bb7 5. Qe2 Nc6 6. c4 Qc7 7. g3 Nf6 8. Bg2 e5
9. O-O Be7 10. Nc3 d6 11. Nd5 Qd7 12. d3 O-O 13. Ne3 g6 14. Nd2 Nd4 15. Qd1 h5
16. h3 Nh7 17. f4 Bf6 18. Rb1 Bg7 19. f5 Bh6 20. Nc2 Nxc2 21. Qxc2 Qd8 22. Nf3
Kg7 23. Bc1 Bxc1 24. Qxc1 g5 25. g4 f6 26. gxh5 Qe8 27. h6+ Kh8 28. Qd1 Rg8 29.
Nh2 Bc6 30. Bf3 Qf8 31. Ng4 Be8 32. Rb2 Bf7 33. Rg2 Qe8 34. Qe1 Bh5 35. Ne3 Bf7
36. h4 gxh4 37. Qxh4 Rxg2+ 38. Kxg2 Qe7 39. Kf2 Rg8 40. Rg1 Rxg1 41. Kxg1 Qf8
42. Kf2 Be8 43. Nd5 Bf7 44. Ne3 Be8 45. Ng2 Ng5 46. Bh5 Bxh5 47. Qxh5 Nf7 48.
Ne3 Qxh6 49. Qxh6+ Nxh6 50. Nd5 Kg7 51. Ne7 Nf7 52. Nc8 Nd8 53. Nxa7 Kf8 54. a3
Nb7 55. b4 cxb4 56. axb4 Nd8 57. Nc8 Nc6 58. b5 Kf7 59. bxc6 1-0

[Event "Aeroflot Open B 2017"]
[Site "Moscow RUS"]
[Date "2017.02.26"]
[Round "6.54"]
[White "Shuvalova, Polina"]
[Black "Makoveev, Ilya"]
[Result "1-0"]
[WhiteTitle "WIM"]
[WhiteElo "2387"]
[BlackElo "2202"]
[WhiteFideId "24171760"]
[BlackFideId "34155748"]
[EventDate "2017.02.21"]

1. e4 c5 2. Nf3 e6 3. d4 cxd4 4. Nxd4 a6 5. Nc3 b5 6. Bd3 d6 7. O-O Nf6 8. a4 b4
9. Na2 Bb7 10. Re1 e5 11. Nf3 Nc6 12. c3 bxc3 13. Nxc3 Be7 14. Bg5 O-O 15. Bxf6
Bxf6 16. Bc4 Nd4 17. Bd5 Rb8 18. Rb1 Qd7 19. Bxb7 Nxf3+ 20. Qxf3 Rxb7 21. b4
Rfb8 22. b5 axb5 23. Nxb5 Bd8 24. Red1 Rb6 25. Rbc1 Ra6 26. Qb3 Qe7 27. g3 g6
28. Rd3 Bb6 29. Qd1 Bc5 30. Kg2 Kg7 31. Rc4 h5 32. h4 Rb7 33. Rd5 Qf6 34. Qe2
Kh7 35. Qc2 Kg7 36. Rdxc5 dxc5 37. Rxc5 Rd7 38. Nc7 Kh7 39. Nxa6 Qxa6 40. Rxe5
Qf6 41. Rd5 Rb7 42. Qd2 Rb1 43. Qd4 Qa6 44. Qd3 Qxd3 45. Rxd3 Rb4 46. Ra3 Rxe4
47. a5 Re7 48. a6 Ra7 49. Kf3 f5 50. Ke3 Re7+ 51. Kd4 Re4+ 52. Kd5 1-0

[Event "Aeroflot Open B 2017"]
[Site "Moscow RUS"]
[Date "2017.02.26"]
[Round "6.55"]
[White "Levushkina, Elena"]
[Black "Gevorgyan, David Sh."]
[Result "1/2-1/2"]
[WhiteTitle "WGM"]
[BlackTitle "IM"]
[WhiteElo "2306"]
[BlackElo "2324"]
[WhiteFideId "14200686"]
[BlackFideId "13303244"]
[EventDate "2017.02.21"]

1. e4 c6 2. d4 d5 3. exd5 cxd5 4. c4 Nf6 5. Nc3 e6 6. Nf3 Bb4 7. cxd5 Nxd5 8.
Qc2 Nc6 9. Bd3 Ba5 10. a3 h6 11. O-O O-O 12. Be3 Nce7 13. Nxd5 Nxd5 14. Rad1 Bd7
15. Ne5 Rc8 16. Qb3 Bb6 17. Bb1 Be8 18. Bc1 f5 19. Rfe1 Qf6 20. Ba2 Rd8 21. Qf3
Qh4 22. Qg3 Qxg3 23. hxg3 Ba4 24. Rd3 Rfe8 25. Nc4 Bc7 26. Ne3 Bc6 27. Nc4 g5
28. Ne5 Bb5 29. Rdd1 Ba4 30. Rd3 Kg7 31. b3 Bb5 32. Nc4 Kf6 33. Bb2 h5 34. Rdd1
h4 35. gxh4 gxh4 36. Ne5 Rg8 37. Rc1 Bd6 38. a4 Ba6 39. Kh1 Bb4 40. Rg1 Rg7 41.
Rc2 Bd6 42. Bb1 b6 43. Kh2 Bb7 44. Bc1 Rdg8 45. f3 Nb4 46. Rf2 Bd5 47. Bf4 Bb8
48. g4 hxg3+ 49. Rxg3 Rh8+ 50. Kg1 Rxg3+ 51. Bxg3 Rg8 52. Kh2 Rh8+ 53. Kg2 Rg8
54. Kh2 Rxg3 55. Kxg3 Bxe5+ 56. dxe5+ Kxe5 57. Rd2 a5 58. f4+ Kd6 59. Bc2 Kc5
60. Bd1 Nc6 61. Kf2 Nb4 62. Ke3 Be4 63. Bf3 Bc2 64. Bd1 Be4 65. Bf3 Bc2 66. Bd1
Bb1 67. Bf3 Nd5+ 68. Bxd5 exd5 69. Rd1 Be4 70. Rc1+ Kb4 71. Kd4 Kxb3 72. Rc6
Kxa4 73. Rxb6 Ka3 74. Kc3 Ka4 75. Rb2 Ka3 76. Rb3+ Ka4 77. Rb6 Ka3 78. Kd4 Ka4
79. Kc5 Ka3 80. Rb8 a4 81. Kd4 Bc2 82. Kc3 Bb3 83. Rb4 Ka2 84. Rd4 Bc4 85. Rd2+
Ka3 86. Rd1 Bb3 87. Rd2 Bc4 88. Rh2 Bb3 1/2-1/2

[Event "Aeroflot Open B 2017"]
[Site "Moscow RUS"]
[Date "2017.02.26"]
[Round "6.56"]
[White "Zherebtsova, Alexandra"]
[Black "Nogueira, Ivan Kuhlmann"]
[Result "0-1"]
[WhiteTitle "WFM"]
[BlackTitle "FM"]
[WhiteElo "2186"]
[BlackElo "2308"]
[WhiteFideId "24129518"]
[BlackFideId "2101297"]
[EventDate "2017.02.21"]

1. d4 d5 2. Nf3 Nc6 3. g3 Bg4 4. Bg2 Qd7 5. h3 Bf5 6. c3 f6 7. b4 a6 8. g4 Bg6
9. Bf4 h5 10. g5 h4 11. Nbd2 e5 12. dxe5 O-O-O 13. e3 Bd3 14. a4 Re8 15. Nb3 Bc4
16. e6 Rxe6 17. Nbd4 Re8 18. Nxc6 Qxc6 19. Nd4 Qd7 20. Qg4 Ne7 21. Qxd7+ Kxd7
22. Bf3 f5 23. O-O-O g6 24. Be5 Rh7 25. Rd2 Nc8 26. Bf4 Nd6 27. Bxd6 Bxd6 28.
Nc2 c6 29. Kb2 f4 30. Rhd1 Kc7 31. Bg4 Rhe7 32. Na3 b5 33. Nxc4 bxc4 34. Re1
fxe3 35. fxe3 Bg3 36. Ree2 Be5 37. Kc2 Bg7 38. Bf3 Rxe3 0-1

[Event "Aeroflot Open B 2017"]
[Site "Moscow RUS"]
[Date "2017.02.26"]
[Round "6.57"]
[White "Assaubayeva, Bibisara"]
[Black "Murzin, Volodar"]
[Result "0-1"]
[WhiteTitle "WFM"]
[WhiteElo "2177"]
[BlackElo "2079"]
[WhiteFideId "13708694"]
[BlackFideId "44155573"]
[EventDate "2017.02.21"]

1. c4 Nf6 2. Nc3 g6 3. e4 d6 4. d4 Bg7 5. f3 O-O 6. Be3 c5 7. Nge2 Qa5 8. Nc1
Rd8 9. Nb3 Qc7 10. Nb5 Qc6 11. dxc5 a6 12. N5d4 Qc7 13. cxd6 Qxd6 14. Qd2 e5 15.
Nc2 Qe7 16. Qf2 Be6 17. Be2 Nbd7 18. Nc5 Nxc5 19. Bxc5 Qe8 20. Bb6 Rdc8 21. b3
Nd7 22. Be3 Bf8 23. h4 b5 24. h5 Qe7 25. Qg3 bxc4 26. b4 Bg7 27. hxg6 hxg6 28.
Bg5 Bf6 29. Bxf6 Qxf6 30. Rh4 a5 31. b5 Nc5 32. Ne3 Nd3+ 33. Bxd3 cxd3 34. Kd2
Rc5 35. Rah1 Ra7 36. Kxd3 Rxb5 37. Rc1 Qd8+ 38. Ke2 Rb2+ 39. Nc2 Rc7 40. Qxe5
Rcxc2+ 41. Rxc2 Rxc2+ 0-1

[Event "Aeroflot Open B 2017"]
[Site "Moscow RUS"]
[Date "2017.02.26"]
[Round "6.58"]
[White "Sabirov, Temirjan"]
[Black "Kathmale, Sameer"]
[Result "0-1"]
[BlackTitle "IM"]
[WhiteElo "2340"]
[BlackElo "2323"]
[WhiteFideId "24180785"]
[BlackFideId "5024498"]
[EventDate "2017.02.21"]

1. Nf3 d5 2. c4 c6 3. e3 Nf6 4. Nc3 a6 5. b3 Bf5 6. Be2 Nbd7 7. O-O e5 8. Bb2
Bd6 9. Qc1 Qe7 10. cxd5 cxd5 11. Nh4 Bg6 12. Nxg6 hxg6 13. h3 Rc8 14. Re1 e4 15.
d4 Qe6 16. f4 g5 17. fxg5 Rxh3 18. Rf1 Bh2+ 19. Kf2 Bg3+ 20. Kg1 Nh7 21. Qd1
Nxg5 22. Bg4 Rh1+ 23. Kxh1 Qh6+ 24. Bh5 Nf3 0-1

[Event "Aeroflot Open B 2017"]
[Site "Moscow RUS"]
[Date "2017.02.27"]
[Round "7.1"]
[White "Kozionov, Kirill"]
[Black "Lintchevski, Daniil"]
[Result "1/2-1/2"]
[WhiteTitle "IM"]
[BlackTitle "GM"]
[WhiteElo "2439"]
[BlackElo "2524"]
[WhiteFideId "24101729"]
[BlackFideId "4171055"]
[EventDate "2017.02.21"]

1. d4 d5 2. c4 dxc4 3. Nf3 a6 4. e3 Nf6 5. Bxc4 e6 6. O-O c5 7. dxc5 Bxc5 8.
Qxd8+ Kxd8 9. Be2 Ke7 10. Nbd2 Bd7 11. Nb3 Bb6 12. Ne5 Bb5 13. Nc4 Bxc4 14. Bxc4
Nc6 15. Rd1 Ne4 16. Be2 Rhd8 17. Nd2 Nxd2 18. Bxd2 Ba5 19. Bxa5 Nxa5 20. Bf3
Rxd1+ 21. Rxd1 Rd8 22. Rxd8 Kxd8 23. Kf1 Kc7 24. Ke1 Nc4 25. b3 Ne5 1/2-1/2

[Event "Aeroflot Open B 2017"]
[Site "Moscow RUS"]
[Date "2017.02.27"]
[Round "7.2"]
[White "Hakobyan, Aram"]
[Black "Sviridov, Valery"]
[Result "1/2-1/2"]
[WhiteTitle "FM"]
[WhiteElo "2438"]
[BlackElo "2515"]
[WhiteFideId "13306677"]
[BlackFideId "4120680"]
[EventDate "2017.02.21"]

1. d4 Nf6 2. Nf3 g6 3. c4 Bg7 4. Nc3 d5 5. h4 c6 6. cxd5 cxd5 7. Bf4 Nc6 8. e3
O-O 9. Qb3 e6 10. Rc1 Na5 11. Qb4 Nc6 12. Qb3 Na5 13. Qa3 Bd7 14. Ne5 Nc6 15.
Be2 Nxe5 16. Bxe5 h5 17. O-O a6 18. Rc2 Bc6 19. Rfc1 Ne8 20. Bxg7 Kxg7 21. g3
Nd6 22. Na4 Rh8 23. Nc5 Bb5 24. Nd3 Rc8 25. Rxc8 Nxc8 26. Nf4 Bxe2 27. Nxe2 Nd6
28. Nf4 Qb8 29. Nd3 Rc8 30. Rxc8 Nxc8 31. Nc5 Qc7 32. Kg2 Nd6 33. Qc3 Kg8 34.
Qb4 a5 35. Qa4 Kf8 36. b4 axb4 37. Qxb4 Kg8 38. Qa4 1/2-1/2

[Event "Aeroflot Open B 2017"]
[Site "Moscow RUS"]
[Date "2017.02.27"]
[Round "7.3"]
[White "Levin, Evgeny A."]
[Black "Battaglini, Gabriel"]
[Result "1/2-1/2"]
[WhiteTitle "GM"]
[BlackTitle "IM"]
[WhiteElo "2506"]
[BlackElo "2444"]
[WhiteFideId "4182596"]
[BlackFideId "621650"]
[EventDate "2017.02.21"]

1. d4 Nf6 2. c4 c5 3. d5 e6 4. Nc3 exd5 5. cxd5 d6 6. Nf3 g6 7. Bf4 Bg7 8. Qa4+
Bd7 9. Qb3 Qc7 10. e4 O-O 11. Nd2 Nh5 12. Be3 f5 13. exf5 Bxf5 14. Be2 Nf6 15.
h3 Na6 16. a3 Rfb8 17. O-O Qf7 18. Nc4 Ne8 19. Nb5 Qxd5 20. Rad1 Qf7 21. Rxd6
Be6 22. Rd2 Rd8 23. Rxd8 Rxd8 24. Nxa7 Nd6 25. Qb6 Qe7 26. Rd1 Bd4 27. Na5 Bxe3
28. fxe3 Nf7 29. Rxd8+ Nxd8 30. Nxb7 Nxb7 31. Qxa6 Bxh3 32. gxh3 Qxe3+ 33. Kg2
Qg5+ 34. Bg4 Nd8 35. Qc4+ Nf7 36. h4 Qxh4 37. Be6 Qg5+ 38. Kf3 Qf6+ 39. Ke3 Qxb2
40. Bxf7+ Kg7 41. a4 Qe5+ 42. Kd3 Qf5+ 43. Kc3 Qf3+ 44. Kb2 Qxf7 45. Qxc5 h5 46.
Nc6 h4 47. Qc3+ Qf6 48. Ne5 Qb6+ 49. Kc2 Qf2+ 50. Kd3 Qf1+ 51. Ke3 Qg1+ 52. Kf4
Qf1+ 53. Nf3+ Kf7 54. Qc7+ Ke6 55. Qc6+ Ke7 56. Qe4+ Kd7 57. Qd5+ Ke7 58. Qc5+
Kd7 59. Qd5+ Kc7 60. Qa5+ Kb7 61. Qd5+ Kc7 62. a5 h3 63. Qc5+ Kd7 64. Qa7+ Kd6
65. Qb6+ Kd7 66. Qb7+ Kd6 67. Qb6+ Kd7 68. Qb2 Qg2 69. Ne5+ Kc8 70. Qc3+ Kb7 71.
Qb4+ Ka8 72. Qf8+ Kb7 73. Qb4+ Ka8 74. Qb6 Qf1+ 75. Nf3 h2 76. Qc6+ Ka7 77. Qc5+
Ka8 78. Qd5+ Ka7 79. Qd4+ Ka8 80. Qh8+ Kb7 81. Qb2+ Ka7 82. Qxh2 Qc4+ 83. Kg5
Qb5+ 84. Ne5 Qxa5 85. Qf2+ Kb7 86. Kxg6 Qb6+ 87. Qxb6+ Kxb6 1/2-1/2

[Event "Aeroflot Open B 2017"]
[Site "Moscow RUS"]
[Date "2017.02.27"]
[Round "7.4"]
[White "Abhishek, Kelkar"]
[Black "Lin, Chen"]
[Result "1/2-1/2"]
[WhiteTitle "IM"]
[BlackTitle "GM"]
[WhiteElo "2381"]
[BlackElo "2478"]
[WhiteFideId "5019257"]
[BlackFideId "8602298"]
[EventDate "2017.02.21"]

1. b3 b6 2. Bb2 Bb7 3. Nf3 e6 4. g3 Nf6 5. Bg2 Be7 6. O-O O-O 7. c4 c5 8. d4
cxd4 9. Qxd4 Nc6 10. Qh4 d5 11. Nbd2 Ne4 12. Qg4 Bf6 13. Bxf6 Nxf6 14. Qh4 1/2-1/2

[Event "Aeroflot Open B 2017"]
[Site "Moscow RUS"]
[Date "2017.02.27"]
[Round "7.5"]
[White "Lugovskoy, Maxim"]
[Black "Elistratov, Semen"]
[Result "1-0"]
[WhiteTitle "IM"]
[BlackTitle "FM"]
[WhiteElo "2447"]
[BlackElo "2407"]
[WhiteFideId "24126454"]
[BlackFideId "24134325"]
[EventDate "2017.02.21"]

1. e4 c5 2. c3 Nf6 3. e5 Nd5 4. d4 cxd4 5. cxd4 d6 6. Nf3 Nc6 7. Bc4 Nb6 8. Bb3
dxe5 9. d5 Na5 10. Nc3 f6 11. Be3 Bd7 12. O-O g6 13. Ne4 Nxb3 14. axb3 Nc8 15.
Nfd2 Bf5 16. g4 Bd7 17. f4 exf4 18. Bxf4 Bg7 19. Qe2 O-O 20. Nc5 Nb6 21. Nc4 Kh8
22. Rfd1 Qc8 23. Qxe7 Nxc4 24. Nxd7 Re8 25. Qf7 Nb6 26. Nxb6 Qxg4+ 27. Bg3 Re2
28. d6 Rf8 29. Qd5 f5 30. d7 Bf6 31. Ra4 Re4 32. Rxe4 fxe4 33. Rf1 Kg7 34. Rxf6 1-0

[Event "Aeroflot Open B 2017"]
[Site "Moscow RUS"]
[Date "2017.02.27"]
[Round "7.6"]
[White "Nihal, Sarin"]
[Black "Sivuk, Vitaly"]
[Result "0-1"]
[WhiteTitle "FM"]
[BlackTitle "GM"]
[WhiteElo "2386"]
[BlackElo "2520"]
[WhiteFideId "25092340"]
[BlackFideId "14116502"]
[EventDate "2017.02.21"]

1. d4 Nf6 2. c4 e6 3. Nf3 b6 4. g3 Ba6 5. b3 Bb4+ 6. Bd2 Be7 7. Bg2 O-O 8. O-O
d5 9. cxd5 exd5 10. Ne5 Re8 11. Nc3 Bb7 12. Bc1 Nbd7 13. Bb2 Nf8 14. Rc1 Ne6 15.
e3 c6 16. f4 c5 17. Kh1 Rc8 18. Rf2 a6 19. Rfc2 b5 20. dxc5 Bxc5 21. Qd3 Qb6 22.
Nxd5 Nxd5 23. Bxd5 Red8 24. e4 Rxd5 25. exd5 Rd8 26. Rxc5 Nxc5 27. Qe3 Rxd5 28.
Kg1 Qd6 29. Re1 Rd1 30. Nd3 Qc6 31. Qe2 Qh1+ 32. Kf2 Nxd3+ 0-1

[Event "Aeroflot Open B 2017"]
[Site "Moscow RUS"]
[Date "2017.02.27"]
[Round "7.7"]
[White "Zakhartsov, Vladimir"]
[Black "Moiseenko, Vadim"]
[Result "1/2-1/2"]
[WhiteTitle "IM"]
[BlackTitle "IM"]
[WhiteElo "2453"]
[BlackElo "2508"]
[WhiteFideId "4145097"]
[BlackFideId "4123700"]
[EventDate "2017.02.21"]

1. d4 Nf6 2. c4 d6 3. Nc3 Bf5 4. g3 c6 5. Bg2 Nbd7 6. e4 Bg6 7. Nge2 e5 8. O-O
Be7 9. h3 O-O 10. f4 exf4 11. gxf4 Bh5 12. Qe1 Ne8 13. Ng3 Bh4 14. Qe3 Bxg3 15.
Qxg3 f5 16. e5 Nb6 17. b3 dxe5 18. dxe5 Nc7 19. a4 a5 20. Be3 Ne6 21. Ra2 Nd7
22. Rd2 Qe7 23. Rd6 Kh8 24. Rf2 Rf7 25. Rfd2 Ndf8 26. Nd5 cxd5 27. cxd5 Nd8 28.
Rc2 Bd1 29. Rc3 Be2 30. Bb6 Qe8 31. e6 Re7 32. Rc5 Nfxe6 33. dxe6 Rxe6 34. Rxe6
Qxe6 35. Bxa5 Rxa5 36. Rxa5 Qb6+ 37. Qf2 Qxa5 38. Qxe2 Qb6+ 39. Kh2 Qxb3 40.
Qe8+ Qg8 41. Qxg8+ Kxg8 42. a5 Ne6 43. Bxb7 Nc7 44. a6 Nxa6 45. Bxa6 h6 46. h4
g6 47. Bb5 Kf7 48. Kh3 Kf6 49. Be8 g5 50. fxg5+ hxg5 51. h5 Kg7 52. Bg6 1/2-1/2

[Event "Aeroflot Open B 2017"]
[Site "Moscow RUS"]
[Date "2017.02.27"]
[Round "7.8"]
[White "Triapishko, Alexandr"]
[Black "Makhmutov, Rail"]
[Result "1/2-1/2"]
[BlackTitle "FM"]
[WhiteElo "2500"]
[BlackElo "2437"]
[WhiteFideId "14122286"]
[BlackFideId "4122151"]
[EventDate "2017.02.21"]

1. e4 e5 2. Nf3 Nc6 3. Nc3 Nf6 4. Bb5 Bb4 5. O-O O-O 6. d3 Bxc3 7. bxc3 d6 8.
Bg5 Qe7 9. Re1 a6 10. Bxc6 bxc6 11. h3 Qe6 12. Be3 Qe7 13. Nh2 Nd7 14. f4 exf4
15. Bxf4 f6 16. c4 c5 17. Ng4 Ne5 18. Ne3 Be6 19. Rb1 Qd7 20. Rb3 Ng6 21. Bg3
Ne7 22. Nd5 f5 23. Nxe7+ Qxe7 24. exf5 Rxf5 25. d4 cxd4 26. Qxd4 Qd7 27. Rbe3
Re8 28. Qd3 Rff8 29. a3 Qc8 30. c5 dxc5 31. Be5 Bf5 32. Qc3 Rf7 33. Qxc5 Rfe7
34. c3 Bg6 35. Kh2 h6 36. Qd5+ Kh7 37. Bd4 Rxe3 38. Rxe3 Rxe3 39. Bxe3 Qf8 40.
a4 Qd6+ 41. Qxd6 1/2-1/2

[Event "Aeroflot Open B 2017"]
[Site "Moscow RUS"]
[Date "2017.02.27"]
[Round "7.9"]
[White "Matinian, Nikita"]
[Black "Tran, Minh Thang"]
[Result "1/2-1/2"]
[WhiteTitle "IM"]
[BlackTitle "FM"]
[WhiteElo "2494"]
[BlackElo "2420"]
[WhiteFideId "24129100"]
[BlackFideId "12401080"]
[EventDate "2017.02.21"]

1. e4 c5 2. Nf3 e6 3. d4 cxd4 4. Nxd4 a6 5. Nc3 d6 6. g4 b5 7. Be3 Bb7 8. a3 Nd7
9. g5 Rc8 10. Qg4 Ne5 11. Qg3 Rxc3 12. bxc3 Qc8 13. Bd2 Bxe4 14. f3 Bb7 15. a4
bxa4 16. Rxa4 Ne7 17. Be2 h6 18. O-O hxg5 19. Rb1 Nd5 20. Ra3 Nf4 21. Bxf4 gxf4
22. Qxf4 g5 23. Qe3 Nd7 24. Rxb7 Qxb7 25. Bxa6 Qa7 26. Ra4 d5 27. Bb5 Qb8 28.
Qe2 Bd6 29. Nxe6 Bxh2+ 30. Kf1 Be5 31. Bxd7+ Kxd7 32. Nc5+ Kd8 33. Rb4 Rh1+ 34.
Kg2 Rh2+ 35. Kf1 Rh1+ 36. Kg2 Rh2+ 37. Kf1 Qa7 38. Nb7+ Kd7 39. Qb5+ Kc7 40.
Rc4+ dxc4 41. Qxe5+ Kxb7 42. Qe7+ Ka8 43. Qe8+ Qb8 44. Qa4+ Kb7 45. Qb5+ Kc8 46.
Qe8+ Kc7 47. Qe5+ Kc8 48. Qe8+ Kb7 49. Qb5+ 1/2-1/2

[Event "Aeroflot Open B 2017"]
[Site "Moscow RUS"]
[Date "2017.02.27"]
[Round "7.10"]
[White "Oganian, Miran"]
[Black "Potapov, Pavel"]
[Result "1/2-1/2"]
[WhiteTitle "IM"]
[BlackTitle "GM"]
[WhiteElo "2452"]
[BlackElo "2493"]
[WhiteFideId "4122488"]
[BlackFideId "4169786"]
[EventDate "2017.02.21"]

1. d4 f5 2. c4 Nf6 3. Nf3 g6 4. g3 Bg7 5. Bg2 O-O 6. O-O d6 7. Nc3 c6 8. d5 e5
9. dxe6 Bxe6 10. Qd3 Na6 11. Bf4 Ne8 12. Ng5 Nc5 13. Nxe6 Nxd3 14. Nxd8 Nb4 15.
Nxc6 Nxa2 16. Ne7+ Kf7 17. Ned5 Rc8 18. b3 b5 1/2-1/2

[Event "Aeroflot Open B 2017"]
[Site "Moscow RUS"]
[Date "2017.02.27"]
[Round "7.11"]
[White "Atabayev, Maksat"]
[Black "Salman, Pavel"]
[Result "1/2-1/2"]
[WhiteTitle "GM"]
[BlackTitle "FM"]
[WhiteElo "2492"]
[BlackElo "2197"]
[WhiteFideId "14001101"]
[BlackFideId "24153753"]
[EventDate "2017.02.21"]

1. e4 c5 2. Nf3 e6 3. g3 Nc6 4. Bg2 Nf6 5. Qe2 d6 6. O-O Be7 7. Rd1 O-O 8. d4
cxd4 9. Nxd4 Nxd4 10. Rxd4 e5 11. Rd1 Bg4 12. f3 Be6 13. c4 Qc7 14. b3 a6 15.
Nc3 b5 16. Nd5 Nxd5 17. cxd5 Bd7 18. Be3 Rfc8 19. Rac1 Qb7 20. h4 Bd8 21. Kh2
Bb6 22. Bd2 Rxc1 23. Rxc1 Rc8 24. Qe1 Rxc1 25. Qxc1 Qc7 26. Qxc7 Bxc7 27. Bh3
Bxh3 28. Kxh3 Kf8 29. h5 Bb6 30. f4 f6 31. Kg4 Bc5 32. Kf3 Ke7 33. g4 Bd4 34.
Ke2 g6 35. Kd3 Bc5 36. a4 Kf7 37. Ke2 Ke7 38. Kf3 Bd4 39. Kg3 Kf7 40. Bb4 Ke7
41. Kf3 Kd7 42. Be1 Ke7 43. Bg3 Kf7 44. Bh2 Ke7 45. Ke2 Kf7 46. Bg3 Ke7 47. Kd3
Bb2 48. Kd2 Bd4 49. Ke2 Bb2 50. fxe5 fxe5 51. Bh4+ Kf7 52. Bf2 Bc1 53. Bh4 Kg7
54. Kf3 Kh6 55. Be1 Ba3 56. Bd2+ Kg7 57. Be3 Bb4 58. Ke2 Kf7 59. Kd3 Ke7 60.
Bg5+ Kf7 61. Ke2 Kg7 62. Kf3 Kf7 63. Bc1 Kg7 64. Kg3 Be1+ 65. Kh3 Bb4 66. Be3
Be1 67. Bg5 Kf7 68. Bc1 Bb4 69. Kh4 Kg7 70. hxg6 hxg6 71. Kg5 Ba5 72. Kh4 Bb4
73. Be3 Be1+ 74. Kh3 Kf6 75. Kg2 Ba5 76. Kf3 Be1 77. Ke2 Bc3 78. Kd3 Ba5 79. Bc1
Bb4 80. Ke2 Kf7 81. Bg5 Bc3 82. Kd3 Ba5 83. Kc2 Be1 84. Kb2 Bb4 85. Ka2 Kg7 86.
Be3 Kf7 87. Bc1 Kf6 88. Kb1 Kg7 89. Kc2 Kf6 90. Be3 Kg7 91. g5 Kf7 92. Bd2 Bc5
93. b4 Bd4 94. a5 Ke7 1/2-1/2

[Event "Aeroflot Open B 2017"]
[Site "Moscow RUS"]
[Date "2017.02.27"]
[Round "7.12"]
[White "Abdumalik, Zhansaya"]
[Black "Evdokimov, Alexander A."]
[Result "1/2-1/2"]
[WhiteTitle "WGM"]
[BlackTitle "GM"]
[WhiteElo "2430"]
[BlackElo "2492"]
[WhiteFideId "13703544"]
[BlackFideId "4139275"]
[EventDate "2017.02.21"]

1. e4 c6 2. d4 d5 3. Nd2 dxe4 4. Nxe4 Bf5 5. Ng3 Bg6 6. h4 h6 7. Nf3 e6 8. h5
Bh7 9. Bd3 Bxd3 10. Qxd3 Nf6 11. Bd2 c5 12. O-O-O Nc6 13. Qb3 Qb6 14. Be3 Qxb3
15. axb3 cxd4 16. Nxd4 Bc5 17. Nxc6 Bxe3+ 18. fxe3 bxc6 19. Rh4 Ke7 20. Rc4 Rac8
21. Rc5 Rhd8 22. Rxd8 Kxd8 23. Ra5 Ra8 24. Kd2 Kc7 25. Ke2 Kb6 26. Ra4 c5 27.
Rf4 Rd8 28. e4 Rd7 29. Rh4 Rc7 30. Nf1 Nd7 31. Nd2 f5 32. Rh1 Kc6 33. g3 fxe4
34. Nxe4 Nf6 35. Rh4 Rf7 36. Nxf6 Rxf6 37. Ra4 Rf7 38. Ke3 Kd5 39. Ra6 Rb7 40.
Ra5 Kd6 41. Kd3 Kd5 42. Ra6 Rf7 43. Ke3 Rb7 44. Ra5 Kd6 45. Ra1 Ke5 46. Ra5 Kd6 1/2-1/2